000 00941cam a2200217 4500
001 L137272
008 070327s2005 xxk f 000 0 eng d
020 _a1741071011
035 _a(Sirsi) u137272
041 0 _aeng
100 1 _aMale, Steven
245 0 4 _aThe project value chain
_bmodels for procuring supply chains in construction
_h[electronic resource]
260 _aBrisbane
_bQueensland University of Technology
_c2005
490 0 _aCOBRA
_v2005
520 _aDiscusses supply chain management, competitive advantage in construction, and the project value chain for the purpose of developing an integrated model of demand and supply chain systems in construction.
651 4 _aInternational
690 _aBUILT ENVIRONMENT-BUILDING MATERIALS
700 1 _aMitrovic, Dragana
856 4 0 _uhttps://www.rics.org/site/download_feed.aspx?fileID=2763&fileExtension=PDF
_zView the item free of charge at www.rics.org
942 _n0
999 _c106709
_d106709